000 00546 a2200181 4500
999 _c7986
_d7986
010 _aENG-88281
020 _c295.00
_a8120332553
035 _aEN-71814
037 _bDBAD / PUB
082 1 4 _a005.2768
100 1 _aEsposito, Dino
245 1 _aIntroducing microsoft ASP.NET AJAX/
_cby Dino Esposito
260 _aNew Delhi
_bPrentice -Hall of India
_c2007
270 _aM-97, Canaught Circus,
_bNew Delhi
_e110 001
300 _axvi, 313 p.
_c24cm (Pbk)
500 _aIncludes Index
942 _adpl
_cEN
_2ddc
_h005.2768
_mESP